000 01094nam a2200253Ia 4500
008 0000002009 usad 0000000000eng00
020 _a97800897973700
090 _aPUS00 L11l1
245 1 0 _aL.C. Armstrong
_b: flowerscapes
_c/ editor Janis Gardner Cecil ; photography Bill Orcutt, Dallas Raleigh
300 _a19 p.
_c/ 20 cm.
500 _aExposición realizada en Marlborough Gallery, New York, abril 30 mayo 30, 2009 \ Incluye cronología del artista \ Proyecto Ganador Programa Apoyos Concertados FGAA 2010
501 _aCirque du paradis / Luanne Mckinnon
600 0 0 _aARMSTRONG, L.C, 1954/
_xTRABAJOS PICTORICOS
650 1 4 _aARTE CONTEMPORANEO ESTADOUNIDENSE
650 1 4 _aARTISTAS PLASTICOS ESTADOUNIDENSES
650 1 4 _xCATALOGOS
650 1 4 _xEXPOSICIONES
650 1 4 _aNATURALEZA EN EL ARTE
650 1 4 _aPINTORES ESTADOUNIDENSES
650 1 4 _aPINTURA ACRILICA (ARTE)
650 1 4 _aPINTURA ESTADOUNIDENSE
700 1 _aCecil, Janis Gardner \ Orcutt, Bill \ Raleigh, Dallas \ Mckinnon, Luanne
999 _c12957
_d12957
260 _aNew York : Marlborough Gallery
_c2009